000 nam a22 7a 4500
999 _c9002
_d9002
008 180122b ||||| |||| 00| 0 eng d
100 _aGupta D. A
_95303
245 _aMath Steps
260 _bNew Delhi
_cBharati Publication
_d2009